Govt. of
Madhya Pradesh

Economic Reforms and Small Scale Industries (Record no. 44646)

MARC details
000 -LEADER
fixed length control field 004920000a22001810004500
003 - CONTROL NUMBER IDENTIFIER
control field MACL
005 - DATE AND TIME OF LATEST TRANSACTION
control field 20151027154517.0
008 - FIXED-LENGTH DATA ELEMENTS--GENERAL INFORMATION
fixed length control field 151027b xxu||||| |||| 00| 0 eng d
040 ## - CATALOGING SOURCE
Original cataloging agency MACL
Transcribing agency MACL
041 ## - LANGUAGE CODE
Language code of text/sound track or separate title English
082 ## - DEWEY DECIMAL CLASSIFICATION NUMBER
Classification number 332/SOU
100 ## - MAIN ENTRY--PERSONAL NAME
Personal name Soundarapandian, Dr. M.
9 (RLIN) 17057
245 ## - TITLE STATEMENT
Title Economic Reforms and Small Scale Industries
260 ## - PUBLICATION, DISTRIBUTION, ETC. (IMPRINT)
Name of publisher, distributor, etc. Concept Publishing Company
Date of publication, distribution, etc. 2009
Place of publication, distribution, etc. New Delhi
350 ## - PRICE (NR) (BK AM CF MU VM SE) [OBSOLETE]
Price 550
650 ## - SUBJECT ADDED ENTRY--TOPICAL TERM
Topical term or geographic name as entry element Financial Economics
9 (RLIN) 17058
942 ## - ADDED ENTRY ELEMENTS (KOHA)
Koha item type Books
Call number prefix 332/SOU
Source of classification or shelving scheme
Holdings
Withdrawn status Lost status Source of classification or shelving scheme Damaged status Not for loan Home library Current library Date acquired Cost, normal purchase price Total Checkouts Full call number Barcode Date last seen Uniform Resource Identifier Price effective from Koha item type
          MACL MACL 15/04/2015 550.00   332/SOU CRE025152 02/05/2024 44913 15/04/2015 Books